Dans quels pays sont les plus grandes agglomérations d'Asie ? - Statistiques

Statistiques générales
  • Ce quiz a été pris 39 fois
  • Le résultat moyen est 92 sur 152
Statistiques - réponses
Hint Réponse % Correct
Shanghai Chine
97%
Pékin Chine
97%
Séoul Corée du Sud
97%
Delhi Inde
97%
Jakarta Indonésie
97%
Guangzhou Chine
95%
Tokyo Japon
95%
Bombay Inde
92%
Téhéran Iran
92%
Istanbul Turquie
92%
Xiamen Chine
89%
Chengdu Chine
86%
Calcutta Inde
86%
Osaka Japon
86%
Manille Philippines
86%
Bangkok Thaïlande
86%
Dacca Bangladesh
84%
Xi'an Chine
84%
Wuhan Chine
84%
Chongqing Chine
84%
Zhengzhou Chine
84%
Dubaï Émirats Arabes Unis
84%
Hangzhou Chine
81%
Shenyang Chine
81%
Hong Kong Chine
81%
Shijiazhuang Chine
81%
Nagoya Japon
81%
Singapour Singapour
81%
Ankara Turquie
81%
Tianjin Chine
78%
Changsha Chine
78%
Shantou Chine
78%
Qingdao Chine
78%
Wenzhou Chine
78%
Changchun Chine
78%
Guiyang Chine
78%
Bagdad Irak
78%
Taipei Taïwan
78%
Ningbo Chine
76%
Taiyuan Chine
76%
Nanning Chine
76%
Nanchang Chine
76%
Koweït City Koweït
76%
Karachi Pakistan
76%
Hô Chi Minh Ville Vietnam
76%
Hanoï Vietnam
76%
Nankin Chine
73%
Fuzhou Chine
73%
Xinxiang Chine
73%
Taizhou Chine
73%
Yinchuan Chine
73%
Jiaxing Chine
73%
Xining Chine
73%
Ganzhou Chine
73%
Kuala Lumpur Malaisie
73%
Kaboul Afghanistan
70%
Riyad Arabie Saoudite
70%
La Mecque Arabie Saoudite
70%
Bakou Azerbaïdjan
70%
Jinan Chine
70%
Luoyang Chine
70%
Lanzhou Chine
70%
Xuzhou Chine
70%
Yiwu Chine
70%
Zhuhai Chine
70%
Yangzhou Chine
70%
Tel Aviv - Jaffa Israël
70%
Okayama Japon
70%
Weifang Chine
68%
Jiangyin Chine
68%
Liuzhou Chine
68%
Pyongyang Corée du Nord
68%
Bangalore Inde
68%
Fukuoka Japon
68%
Amman Jordanie
68%
Katmandou Népal
68%
Doha Qatar
68%
Damas Syrie
68%
Kunming Chine
65%
Linyi Chine
65%
Yantai Chine
65%
Colombo Sri Lanka
65%
Djeddah Arabie Saoudite
62%
Phnom Penh Cambodge
62%
Harbin Chine
62%
Nantong Chine
62%
Sanaa Yémen
62%
Zibo Chine
59%
Tangshan Chine
59%
Anshan Chine
59%
Jaipur Inde
59%
Sapporo Japon
59%
Tachkent Ouzbékistan
59%
Izmir Turquie
59%
Hefei Chine
57%
Ürümqi Chine
57%
Bhopal Inde
57%
Gaza Palestine
57%
Rangoon Birmanie
54%
Dalian Chine
54%
Indore Inde
54%
Handan Chine
51%
Baoding Chine
51%
Agra Inde
51%
Surabaya Indonésie
51%
Auraungabad Inde
49%
Ispahan Iran
49%
Haikou Chine
46%
Hyderabad (I) Inde
46%
Pune Inde
46%
Lahore Pakistan
46%
Chennai Inde
43%
Ahmedabad Inde
43%
Vadodara Inde
43%
Rajkot Inde
43%
Bhubaneswar Inde
43%
Baotou Chine
41%
Busan Corée du Sud
41%
Patna Inde
41%
Chandigarh Inde
41%
Vijayawada Inde
41%
Hyderabad (P) Pakistan
41%
Surate Inde
38%
Lucknow Inde
38%
Kanpur Inde
38%
Nagpur Inde
38%
Coimbatore Inde
38%
Ludhiana Inde
38%
Bandung Indonésie
38%
Almaty Kazakhstan
38%
Faisalabad Pakistan
38%
Daegu Corée du Sud
35%
Bhilai Inde
35%
Chittagong Bangladesh
32%
Hohhot Chine
32%
Pingdingshan Chine
32%
Visakhapatnam Inde
32%
Machhad Iran
32%
Bénarès Inde
30%
Cebu Philippines
30%
Bursa Turquie
30%
Semarang Indonésie
27%
Peshawar Pakistan
27%
Medan Indonésie
24%
Dammam Arabie Saoudite
16%
Kaohsiung Taïwan
14%
George Town Malaisie
11%
Gujranwala Pakistan
11%
Rawalpindi Pakistan
8%
Nashik Inde
3%
Multan Pakistan
3%
Taichung Taïwan
3%
Aucun quiz correspondant
Distribution des résultats
% des personnes avec chaque résultat
Percentile par nombre de réponses
Votre historique - résultats
Vous n’avez pas pris ce quiz